000 00472nam a2200157 4500
001 108807
003 ES-MaACL
005 20230906184719.0
007 t|
008 061121s1968 sp r ||||1| spa d
100 1 _aMourelle de Lema, Manuel.
_983896
245 1 3 _aLa teoría lingüística en la España del siglo XIX /
_cManuel Mourelle de Lema.
260 _aMadrid :
_bPrensa Española,
_c1968.
300 _a438 p. ;
_c13 cm.
852 _aES-MaACL
_jC-34799
_bR.66676
999 _c108807
_d108807